Fizishe geografie (Запись № 11593893)

Подробности
000 -МАРКЕР
контрольное поле 02279nam0a22004571 4500
001 - ИДЕНТИФИКАТОР ЗАПИСИ
контрольное поле RU\NLR\Evr\1722
005 - ИДЕНТИФИКАТОР ВЕРСИИ
контрольное поле 20260406110908.0
035 ## - ДРУГИЕ СИСТЕМНЫЕ НОМЕРА
Идентификатор записи (NLR Aleph) 011418114
100 ## - ДАННЫЕ ОБЩЕЙ ОБРАБОТКИ
Данные общей обработки 20070316d1937 u y0rusy50 ca
101 1# - ЯЗЫК РЕСУРСА
Язык текста, звукозаписи и т.д. идиш
102 ## - СТРАНА ПУБЛИКАЦИИ ИЛИ ПРОИЗВОДСТВА
Страна публикации российская федерация
105 ## - ПОЛЕ КОДИРОВАННЫХ ДАННЫХ: ТЕКСТОВЫЕ МАТЕРИАЛЫ, МОНОГРАФИЧЕСКИЕ
Кодированные данные о монографическом текстовом документе a |||||||||
200 1# - ЗАГЛАВИЕ И СВЕДЕНИЯ ОБ ОТВЕТСТВЕННОСТИ
Связь между полями a01
Графика поля Латинская
Основное заглавие Fizishe geografie
Сведения, относящиеся к заглавию Lernbukh farn finftn klas fun der mitlshul
Первые сведения об ответственности A.S. Barkov un A.A. Polovinkin
Последующие сведения об ответственности Ibergezetst - N. Levin
205 ## - СВЕДЕНИЯ ОБ ИЗДАНИИ
-- a01
Сведения об издании Drite uflage
-- ba
205 ## - СВЕДЕНИЯ ОБ ИЗДАНИИ
-- a01
Сведения об издании דריטע אופלאגע
210 ## - ПУБЛИКАЦИЯ, РАСПРОСТРАНЕНИЕ И ДР.
Связь между полями a01
Место издания, распространения и т.д. Moskve
Имя издателя, распространителя и т. д. Emes
Дата издания, распространения и т.д. 1937
Графика поля Латинская
210 ## - ПУБЛИКАЦИЯ, РАСПРОСТРАНЕНИЕ И ДР.
Связь между полями a01
-- z02
Место издания, распространения и т.д. מאָסקווע
Имя издателя, распространителя и т. д. עמעס
Дата издания, распространения и т.д. 1937
210 ## - ПУБЛИКАЦИЯ, РАСПРОСТРАНЕНИЕ И ДР.
-- z02
Место издания, распространения и т.д. Москва
Имя издателя, распространителя и т. д. Эмес
Дата издания, распространения и т.д. 1937
Графика поля Кириллица
215 ## - ФИЗИЧЕСКАЯ ХАРАКТЕРИСТИКА
Специфическое обозначение материала и объем 164 с.
Другие сведения о физической характеристике Ил.
Размеры 22 см.
320 ## - ПРИМЕЧАНИЯ О НАЛИЧИИ В ДОКУМЕНТЕ БИБЛИОГРАФИИ / УКАЗАТЕЛЯ
Текст примечания Словарик важнейших терминов: С. 161-162.
510 1# - ПАРАЛЛЕЛЬНОЕ ЗАГЛАВИЕ
Связь между полями a01
Параллельное заглавие פיזישע געאָגראפיע
Сведения, относящиеся к заглавию לערנבוכ פארנ פינפטנ קלאס פונ דער מיטלשול
-- א.ס. בארקאָוו אונ א.א. פּאָלאָווינקינ
-- איבערגעזעצט - נ. לעווינ
541 1# - ПЕРЕВОД ЗАГЛАВИЯ, СДЕЛАННЫЙ КАТАЛОГИЗАТОРОМ
Заглавие Физическая география
Сведения, относящиеся к заглавию Учебник для пятого класса средней школы
Язык заглавия русский
700 #1 - ИМЯ ЛИЦА - ПЕРВИЧНАЯ ОТВЕТСТВЕННОСТЬ
Связь между полями a01
Начальный элемент ввода Барков
Часть имени, кроме начального элемента ввода А.С.
Даты 1873-1953
Расширение инициалов личного имени Александр Сергеевич
Идентификатор авторитетной/нормативной записи RU\NLR\AUTH\7951264
Код отношения Автор
Графика поля Кириллица
701 #1 - ИМЯ ЛИЦА - АЛЬТЕРНАТИВНАЯ ОТВЕТСТВЕННОСТЬ
Код отношения Автор
Материалы, к которым относится поле rus
Графика поля Кириллица
Начальный элемент ввода Половинкин
Часть имени, кроме начального элемента ввода А. А.
Дополнения к именам, кроме дат д-р геогр. наук
Даты 1887-1955
Расширение инициалов личного имени Александр Александрович
Идентификатор авторитетной/нормативной записи RU\NLR\AUTH\77113672
Системный номер авторитетной/нормативной записи 96597
701 #1 - ИМЯ ЛИЦА - АЛЬТЕРНАТИВНАЯ ОТВЕТСТВЕННОСТЬ
Код отношения Автор
Графика поля Латинская
Материалы, к которым относится поле rus
Начальный элемент ввода Polovinkin
Часть имени, кроме начального элемента ввода A. A.
Дополнения к именам, кроме дат д-р геогр. наук
Даты 1887-1955
Расширение инициалов личного имени Aleksandr Aleksandrovič
Идентификатор авторитетной/нормативной записи RU\NLR\AUTH\770278694
Системный номер авторитетной/нормативной записи 2650661
701 #1 - ИМЯ ЛИЦА - АЛЬТЕРНАТИВНАЯ ОТВЕТСТВЕННОСТЬ
Связь между полями a01
Начальный элемент ввода פּאָלאָווינקינ
Часть имени, кроме начального элемента ввода .א.א
Код отношения Автор
702 #1 - ИМЯ ЛИЦА - ВТОРИЧНАЯ ОТВЕТСТВЕННОСТЬ
Код отношения Переводчик
Графика поля Кириллица
Материалы, к которым относится поле rus
Начальный элемент ввода Левин
Часть имени, кроме начального элемента ввода Н. Я.
Дополнения к именам, кроме дат публицист
Даты 1904-1950
Расширение инициалов личного имени Наум Яковлевич
Системный номер авторитетной/нормативной записи 255624
Идентификатор авторитетной/нормативной записи RU\NLR\AUTH\770255680
702 #1 - ИМЯ ЛИЦА - ВТОРИЧНАЯ ОТВЕТСТВЕННОСТЬ
Связь между полями a01
Начальный элемент ввода Levin
Часть имени, кроме начального элемента ввода N.
Код отношения Переводчик
Графика поля Латинская
702 #1 - ИМЯ ЛИЦА - ВТОРИЧНАЯ ОТВЕТСТВЕННОСТЬ
Связь между полями a01
Начальный элемент ввода לעווין
Часть имени, кроме начального элемента ввода
Код отношения Переводчик
790 #1 - ИМЯ ЛИЦА - АЛЬТЕРНАТИВНАЯ ФОРМА
Связь между полями a01
Начальный элемент ввода Barkov
Часть имени, кроме начального элемента ввода A.S.
Код отношения Автор
Графика поля Латинская
790 #1 - ИМЯ ЛИЦА - АЛЬТЕРНАТИВНАЯ ФОРМА
Связь между полями a01
Начальный элемент ввода בארקאָוו
Часть имени, кроме начального элемента ввода .א.ס
Код отношения Автор
801 #0 - ИСТОЧНИК ЗАПИСИ
Страна российская федерация
Организация NLR
Дата составления 20070316
Правила каталогизации psbo
801 #0 - ИСТОЧНИК ЗАПИСИ
Страна российская федерация
Организация NLR
Правила каталогизации PSBO
801 #1 - ИСТОЧНИК ЗАПИСИ
Страна российская федерация
Организация NLR
Дата составления 20070316
Источник данных rusmarc
801 #2 - ИСТОЧНИК ЗАПИСИ
Страна российская федерация
Организация NLR
Дата составления 20081113
Источник данных rusmarc
852 ## - МЕСТОНАХОЖДЕНИЕ И ШИФР ХРАНЕНИЯ
Идентификатор организации NLR
Наименование фонда или коллекции (Sub-Location Identifier) ОЛСАА/идиш
Шифр хранения (Call Number) 3-1907
942 ## - ДОПОЛНИТЕЛЬНЫЕ ЭЛЕМЕНТЫ ЗАПИСИ (АБИС)
Тип экземпляра АБИС Книга
980 ## - КОЛЛЕКЦИЯ
Название коллекции Национальная библиография
980 1# - КОЛЛЕКЦИЯ
Название коллекции Издания на идише из фонда ОЛСАА

Нет доступных экземпляров.